[Event "DVM U12 2022"]
[Site "München GER"]
[Date "2022.12.27"]
[Round "2"]
[White "Vinogradov, Ilia"]
[Black "Cao, Yuanshu"]
[Result "0-1"]
[Termination "normal"]
[Board "6.1"]
[WhiteElo "1358"]
[BlackElo "1489"]
[WhiteClock "00:48:35"]
[BlackClock "01:17:05"]
[WhiteTeam "SV 1947 Walldorf"]
[BlackTeam "SchachAkademiePaderborn"]
[PlyCount "52"]
[WhiteFideId "34603166"]
[BlackFideId "34640428"]
[EventCountry "GER"]
[EventRounds "7"]
[EventType "team-swiss"]
[EventDate "2022.12.26"]

1. e4 {[%clk 01:30:58]} {[%emt 00:00:02]} e6 {[%clk 01:30:57]} {[%emt
00:00:03]} 2. d4 {[%clk 01:31:22]} {[%emt 00:00:06]} d5 {[%clk 01:31:22]}
{[%emt 00:00:04]} 3. e5 {[%clk 01:31:45]} {[%emt 00:00:08]} c5 {[%clk
01:31:41]} {[%emt 00:00:10]} 4. c3 {[%clk 01:32:04]} {[%emt 00:00:12]} Qb6
{[%clk 01:31:57]} {[%emt 00:00:14]} 5. Be2 {[%clk 01:31:37]} {[%emt 00:00:57]}
Nc6 {[%clk 01:32:03]} {[%emt 00:00:24]} 6. Nf3 {[%clk 01:32:00]} {[%emt
00:00:07]} cxd4 {[%clk 01:32:26]} {[%emt 00:00:08]} 7. cxd4 {[%clk 01:32:22]}
{[%emt 00:00:07]} Nh6 {[%clk 01:32:33]} {[%emt 00:00:23]} 8. Bxh6 {[%clk
01:32:38]} {[%emt 00:00:14]} Qxb2 {[%clk 01:32:41]} {[%emt 00:00:23]} 9. Nbd2
{[%clk 01:32:53]} {[%emt 00:00:14]} gxh6 {[%clk 01:32:53]} {[%emt 00:00:18]}
10. O-O {[%clk 01:32:37]} {[%emt 00:00:46]} Nxd4 {[%clk 01:33:08]} {[%emt
00:00:15]} 11. Qa4 {[%clk 01:30:41]} {[%emt 00:02:25]} Nc6 {[%clk 01:31:39]}
{[%emt 00:02:00]} 12. Bb5 {[%clk 01:24:36]} {[%emt 00:06:35]} Bd7 {[%clk
01:30:55]} {[%emt 00:01:14]} 13. Rfc1 {[%clk 01:22:10]} {[%emt 00:02:56]} Qa3
{[%clk 01:30:46]} {[%emt 00:00:39]} 14. Qc2 {[%clk 01:15:29]} {[%emt 00:07:10]}
Bg7 {[%clk 01:29:17]} {[%emt 00:01:59]} 15. Bxc6 {[%clk 01:13:33]} {[%emt
00:02:27]} bxc6 {[%clk 01:28:57]} {[%emt 00:00:50]} 16. Rab1 {[%clk 01:13:07]}
{[%emt 00:00:55]} O-O {[%clk 01:28:24]} {[%emt 00:01:04]} 17. Rb7 {[%clk
01:12:02]} {[%emt 00:01:34]} Rfd8 {[%clk 01:28:23]} {[%emt 00:00:32]} 18. Rcb1
{[%clk 01:11:14]} {[%emt 00:01:18]} c5 {[%clk 01:20:05]} {[%emt 00:08:48]} 19.
Rc7 {[%clk 00:59:48]} {[%emt 00:11:56]} c4 {[%clk 01:19:36]} {[%emt 00:00:58]}
20. Rbb7 {[%clk 00:59:31]} {[%emt 00:00:47]} Qa4 {[%clk 01:17:26]} {[%emt
00:02:41]} 21. Qxa4 {[%clk 00:59:10]} {[%emt 00:00:51]} Bxa4 {[%clk 01:17:33]}
{[%emt 00:00:22]} 22. Rxf7 {[%clk 00:59:19]} {[%emt 00:00:21]} Bh8 {[%clk
01:17:39]} {[%emt 00:00:25]} 23. Rbc7 {[%clk 00:53:41]} {[%emt 00:06:07]} Rac8
{[%clk 01:17:19]} {[%emt 00:00:50]} 24. Nb1 {[%clk 00:52:01]} {[%emt 00:02:10]}
Bc2 {[%clk 01:16:38]} {[%emt 00:01:12]} 25. Rb7 {[%clk 00:49:57]} {[%emt
00:02:34]} Bxb1 {[%clk 01:16:51]} {[%emt 00:00:16]} 26. Rxh7 {[%clk 00:48:35]}
{[%emt 00:01:52]} Bxh7 {[%clk 01:17:05]} {[%emt 00:00:16]} 0-1

[Event "DVM U12 2022"]
[Site "München GER"]
[Date "2022.12.27"]
[Round "2"]
[White "Vesszö, Aaron"]
[Black "Schirmer, Enias"]
[Result "1-0"]
[Termination "normal"]
[Board "6.2"]
[WhiteElo "1369"]
[BlackElo "1363"]
[WhiteClock "00:25:19"]
[BlackClock "00:39:18"]
[WhiteTeam "SchachAkademiePaderborn"]
[BlackTeam "SV 1947 Walldorf"]
[PlyCount "131"]
[WhiteFideId "34619631"]
[BlackFideId "34609806"]
[EventCountry "GER"]
[EventRounds "7"]
[EventType "team-swiss"]
[EventDate "2022.12.26"]

1. d4 {[%clk 01:30:53]} {[%emt 00:00:06]} d5 {[%clk 01:30:51]} {[%emt
00:00:09]} 2. Nf3 {[%clk 01:31:17]} {[%emt 00:00:07]} Nf6 {[%clk 01:31:04]}
{[%emt 00:00:17]} 3. g3 {[%clk 01:31:40]} {[%emt 00:00:07]} c6 {[%clk
01:30:16]} {[%emt 00:01:17]} 4. Bg2 {[%clk 01:32:03]} {[%emt 00:00:07]} Bg4
{[%clk 01:29:54]} {[%emt 00:00:53]} 5. Ne5 {[%clk 01:32:02]} {[%emt 00:00:31]}
Bh5 {[%clk 01:28:44]} {[%emt 00:01:39]} 6. c4 {[%clk 01:30:23]} {[%emt
00:02:10]} e6 {[%clk 01:26:22]} {[%emt 00:02:52]} 7. O-O {[%clk 01:28:44]}
{[%emt 00:02:08]} Be7 {[%clk 01:24:42]} {[%emt 00:02:09]} 8. Nc3 {[%clk
01:26:19]} {[%emt 00:02:56]} O-O {[%clk 01:22:33]} {[%emt 00:02:39]} 9. a3
{[%clk 01:22:07]} {[%emt 00:04:42]} Nbd7 {[%clk 01:18:46]} {[%emt 00:04:17]}
10. cxd5 {[%clk 01:19:26]} {[%emt 00:03:12]} exd5 {[%clk 01:17:18]} {[%emt
00:01:57]} 11. Nxd7 {[%clk 01:13:53]} {[%emt 00:06:04]} Qxd7 {[%clk 01:16:29]}
{[%emt 00:01:19]} 12. b4 {[%clk 01:08:06]} {[%emt 00:06:17]} Bg4 {[%clk
01:15:34]} {[%emt 00:01:24]} 13. Qd3 {[%clk 01:05:17]} {[%emt 00:03:20]} Bh3
{[%clk 01:13:37]} {[%emt 00:02:26]} 14. Re1 {[%clk 01:05:04]} {[%emt 00:00:43]}
Bxg2 {[%clk 01:12:49]} {[%emt 00:01:17]} 15. Kxg2 {[%clk 01:05:27]} {[%emt
00:00:08]} Rad8 {[%clk 01:12:37]} {[%emt 00:00:41]} 16. Bb2 {[%clk 01:04:05]}
{[%emt 00:01:54]} Rfe8 {[%clk 01:11:56]} {[%emt 00:01:11]} 17. e4 {[%clk
01:03:28]} {[%emt 00:01:07]} dxe4 {[%clk 01:10:26]} {[%emt 00:01:59]} 18. Nxe4
{[%clk 01:02:55]} {[%emt 00:01:03]} Nxe4 {[%clk 01:10:31]} {[%emt 00:00:24]}
19. Rxe4 {[%clk 01:00:11]} {[%emt 00:03:13]} Bf6 {[%clk 01:09:13]} {[%emt
00:01:49]} 20. Rae1 {[%clk 01:00:04]} {[%emt 00:00:37]} Rxe4 {[%clk 01:08:08]}
{[%emt 00:01:34]} 21. Rxe4 {[%clk 00:57:08]} {[%emt 00:03:26]} b6 {[%clk
01:07:42]} {[%emt 00:00:58]} 22. Qe2 {[%clk 00:50:41]} {[%emt 00:06:54]} h6
{[%clk 01:06:00]} {[%emt 00:02:14]} 23. h4 {[%clk 00:45:44]} {[%emt 00:05:27]}
Qd5 {[%clk 01:04:02]} {[%emt 00:02:25]} 24. Kg1 {[%clk 00:39:47]} {[%emt
00:06:30]} c5 {[%clk 01:02:32]} {[%emt 00:02:00]} 25. bxc5 {[%clk 00:36:05]}
{[%emt 00:04:12]} bxc5 {[%clk 01:02:39]} {[%emt 00:00:23]} 26. Re3 {[%clk
00:31:33]} {[%emt 00:05:02]} Bxd4 {[%clk 00:59:50]} {[%emt 00:03:18]} 27. Rd3
{[%clk 00:31:43]} {[%emt 00:00:21]} Qc4 {[%clk 00:58:06]} {[%emt 00:02:14]} 28.
Rd2 {[%clk 00:27:47]} {[%emt 00:04:26]} Qxe2 {[%clk 00:57:05]} {[%emt
00:01:30]} 29. Rxe2 {[%clk 00:27:56]} {[%emt 00:00:22]} Bxb2 {[%clk 00:57:08]}
{[%emt 00:00:26]} 30. Rxb2 {[%clk 00:28:21]} {[%emt 00:00:06]} Rd7 {[%clk
00:56:55]} {[%emt 00:00:43]} 31. Rc2 {[%clk 00:28:39]} {[%emt 00:00:12]} Rc7
{[%clk 00:57:17]} {[%emt 00:00:08]} 32. Kg2 {[%clk 00:29:03]} {[%emt 00:00:06]}
Kf8 {[%clk 00:57:03]} {[%emt 00:00:44]} 33. Kf3 {[%clk 00:29:16]} {[%emt
00:00:16]} Ke7 {[%clk 00:57:24]} {[%emt 00:00:09]} 34. Rd2 {[%clk 00:28:24]}
{[%emt 00:01:23]} Ke6 {[%clk 00:56:39]} {[%emt 00:01:14]} 35. Ke4 {[%clk
00:22:31]} {[%emt 00:06:23]} Kf6 {[%clk 00:52:33]} {[%emt 00:04:36]} 36. Rc2
{[%clk 00:22:28]} {[%emt 00:00:34]} g5 {[%clk 00:49:41]} {[%emt 00:03:21]} 37.
hxg5 {[%clk 00:22:29]} {[%emt 00:00:29]} hxg5 {[%clk 00:49:45]} {[%emt
00:00:23]} 38. Kd5 {[%clk 00:22:42]} {[%emt 00:00:21]} Rd7 {[%clk 00:46:59]}
{[%emt 00:03:16]} 39. Kc6 {[%clk 00:22:57]} {[%emt 00:00:16]} Rd3 {[%clk
00:44:45]} {[%emt 00:02:43]} 40. a4 {[%clk 00:22:02]} {[%emt 00:01:26]} Ra3
{[%clk 00:44:08]} {[%emt 00:01:05]} 41. Kb5 {[%clk 00:21:58]} {[%emt 00:00:35]}
a6 {[%clk 00:41:56]} {[%emt 00:02:42]} 42. Ka5 {[%clk 00:22:17]} {[%emt
00:00:11]} Kg6 {[%clk 00:41:26]} {[%emt 00:00:59]} 43. Rxc5 {[%clk 00:21:45]}
{[%emt 00:01:02]} Ra2 {[%clk 00:41:15]} {[%emt 00:00:41]} 44. f4 {[%clk
00:22:03]} {[%emt 00:00:13]} gxf4 {[%clk 00:40:58]} {[%emt 00:00:47]} 45. gxf4
{[%clk 00:22:25]} {[%emt 00:00:07]} f5 {[%clk 00:39:54]} {[%emt 00:01:34]} 46.
Rc4 {[%clk 00:22:39]} {[%emt 00:00:17]} Kh5 {[%clk 00:39:29]} {[%emt 00:00:55]}
47. Kxa6 {[%clk 00:22:56]} {[%emt 00:00:13]} Kg4 {[%clk 00:39:42]} {[%emt
00:00:17]} 48. a5 {[%clk 00:23:00]} {[%emt 00:00:26]} Rf2 {[%clk 00:39:12]}
{[%emt 00:00:59]} 49. Kb7 {[%clk 00:23:12]} {[%emt 00:00:18]} Rxf4 {[%clk
00:38:57]} {[%emt 00:00:44]} 50. Rxf4 {[%clk 00:23:00]} {[%emt 00:00:43]} Kxf4
{[%clk 00:39:09]} {[%emt 00:00:17]} 51. a6 {[%clk 00:23:22]} {[%emt 00:00:09]}
Kg3 {[%clk 00:39:26]} {[%emt 00:00:13]} 52. a7 {[%clk 00:23:48]} {[%emt
00:00:05]} f4 {[%clk 00:39:38]} {[%emt 00:00:18]} 53. a8=Q {[%clk 00:24:11]}
{[%emt 00:00:07]} f3 {[%clk 00:39:30]} {[%emt 00:00:38]} 54. Qg8 {[%clk
00:24:19]} {[%emt 00:00:22]} Kh2 {[%clk 00:38:52]} {[%emt 00:01:07]} 55. Qh7
{[%clk 00:24:39]} {[%emt 00:00:11]} Kg2 {[%clk 00:38:52]} {[%emt 00:00:30]} 56.
Qg6 {[%clk 00:25:02]} {[%emt 00:00:07]} Kf1 {[%clk 00:38:40]} {[%emt 00:00:40]}
57. Qd3 {[%clk 00:25:00]} {[%emt 00:00:35]} Kg2 {[%clk 00:38:36]} {[%emt
00:00:34]} 58. Qg6 {[%clk 00:24:58]} {[%emt 00:00:32]} Kf1 {[%clk 00:38:58]}
{[%emt 00:00:08]} 59. Qb1 {[%clk 00:24:30]} {[%emt 00:00:58]} Kg2 {[%clk
00:39:00]} {[%emt 00:00:28]} 60. Qe4 {[%clk 00:23:54]} {[%emt 00:01:41]} Kg3
{[%clk 00:39:10]} {[%emt 00:00:20]} 61. Kc6 {[%clk 00:23:50]} {[%emt 00:00:33]}
f2 {[%clk 00:39:01]} {[%emt 00:00:38]} 62. Qh1 {[%clk 00:24:15]} {[%emt
00:00:06]} Kf4 {[%clk 00:39:07]} {[%emt 00:00:23]} 63. Kd5 {[%clk 00:24:21]}
{[%emt 00:00:25]} Ke3 {[%clk 00:39:13]} {[%emt 00:00:24]} 64. Qf1 {[%clk
00:24:36]} {[%emt 00:00:15]} Kf3 {[%clk 00:39:26]} {[%emt 00:00:17]} 65. Kd4
{[%clk 00:24:56]} {[%emt 00:00:10]} Kg3 {[%clk 00:39:18]} {[%emt 00:00:38]} 66.
Ke3 {[%clk 00:25:19]} {[%emt 00:00:07]} 1-0

[Event "DVM U12 2022"]
[Site "München GER"]
[Date "2022.12.27"]
[Round "2"]
[White "Yan, Haichen"]
[Black "Burban, Victor"]
[Result "1-0"]
[Termination "normal"]
[Board "6.3"]
[WhiteElo "1217"]
[BlackElo "1357"]
[WhiteClock "01:17:20"]
[BlackClock "00:53:11"]
[WhiteTeam "SV 1947 Walldorf"]
[BlackTeam "SchachAkademiePaderborn"]
[PlyCount "57"]
[WhiteFideId "34607951"]
[BlackFideId "34609032"]
[EventCountry "GER"]
[EventRounds "7"]
[EventType "team-swiss"]
[EventDate "2022.12.26"]

1. d4 {[%clk 01:30:58]} {[%emt 00:00:02]} Nf6 {[%clk 01:30:55]} {[%emt
00:00:05]} 2. c4 {[%clk 01:31:22]} {[%emt 00:00:06]} g6 {[%clk 01:31:13]}
{[%emt 00:00:12]} 3. Nc3 {[%clk 01:31:46]} {[%emt 00:00:06]} Bg7 {[%clk
01:31:25]} {[%emt 00:00:18]} 4. Nf3 {[%clk 01:31:47]} {[%emt 00:00:29]} O-O
{[%clk 01:31:39]} {[%emt 00:00:17]} 5. e4 {[%clk 01:31:58]} {[%emt 00:00:19]}
d6 {[%clk 01:32:02]} {[%emt 00:00:07]} 6. Be2 {[%clk 01:31:44]} {[%emt
00:00:43]} e5 {[%clk 01:30:58]} {[%emt 00:01:34]} 7. d5 {[%clk 01:31:50]}
{[%emt 00:00:25]} Ne8 {[%clk 01:29:46]} {[%emt 00:01:42]} 8. O-O {[%clk
01:31:08]} {[%emt 00:01:11]} f5 {[%clk 01:29:35]} {[%emt 00:00:40]} 9. Bg5
{[%clk 01:30:40]} {[%emt 00:00:59]} Nf6 {[%clk 01:29:25]} {[%emt 00:00:40]} 10.
Bxf6 {[%clk 01:30:17]} {[%emt 00:00:53]} Bxf6 {[%clk 01:29:19]} {[%emt
00:00:36]} 11. b4 {[%clk 01:30:21]} {[%emt 00:00:26]} f4 {[%clk 01:28:25]}
{[%emt 00:01:23]} 12. c5 {[%clk 01:30:10]} {[%emt 00:00:41]} g5 {[%clk
01:26:48]} {[%emt 00:02:07]} 13. h3 {[%clk 01:29:31]} {[%emt 00:01:10]} h5
{[%clk 01:26:13]} {[%emt 00:01:05]} 14. Nh2 {[%clk 01:29:24]} {[%emt 00:00:36]}
Qe8 {[%clk 01:25:25]} {[%emt 00:01:18]} 15. Bxh5 {[%clk 01:29:28]} {[%emt
00:00:25]} Qe7 {[%clk 01:22:53]} {[%emt 00:03:03]} 16. Ng4 {[%clk 01:28:08]}
{[%emt 00:01:51]} dxc5 {[%clk 01:21:23]} {[%emt 00:01:59]} 17. bxc5 {[%clk
01:27:20]} {[%emt 00:01:19]} Qxc5 {[%clk 01:19:57]} {[%emt 00:01:55]} 18. Qb3
{[%clk 01:26:37]} {[%emt 00:01:14]} Kg7 {[%clk 01:17:23]} {[%emt 00:03:04]} 19.
Rac1 {[%clk 01:26:37]} {[%emt 00:00:29]} Qe7 {[%clk 01:15:16]} {[%emt
00:02:38]} 20. Nb5 {[%clk 01:26:25]} {[%emt 00:00:40]} Na6 {[%clk 01:13:50]}
{[%emt 00:01:58]} 21. Rfd1 {[%clk 01:26:11]} {[%emt 00:01:14]} Rh8 {[%clk
01:09:01]} {[%emt 00:05:49]} 22. d6 {[%clk 01:25:20]} {[%emt 00:01:22]} cxd6
{[%clk 01:08:28]} {[%emt 00:01:02]} 23. Rxd6 {[%clk 01:25:35]} {[%emt
00:00:15]} Bd7 {[%clk 01:05:38]} {[%emt 00:03:21]} 24. Rxf6 {[%clk 01:22:44]}
{[%emt 00:03:20]} Rxh5 {[%clk 01:02:16]} {[%emt 00:03:53]} 25. Nd6 {[%clk
01:22:42]} {[%emt 00:00:31]} Rf8 {[%clk 00:58:57]} {[%emt 00:03:50]} 26. Nf5
{[%clk 01:19:50]} {[%emt 00:03:20]} Bxf5 {[%clk 00:58:46]} {[%emt 00:00:42]}
27. Rxf5 {[%clk 01:20:05]} {[%emt 00:00:16]} Rxf5 {[%clk 00:57:52]} {[%emt
00:01:23]} 28. exf5 {[%clk 01:20:21]} {[%emt 00:00:15]} Kh7 {[%clk 00:53:11]}
{[%emt 00:05:11]} 29. Rc8 {[%clk 01:17:20]} {[%emt 00:03:31]} 1-0

[Event "DVM U12 2022"]
[Site "München GER"]
[Date "2022.12.27"]
[Round "2"]
[White "Burban, Bogdan"]
[Black "Botschek, Marius"]
[Result "1/2-1/2"]
[Termination "normal"]
[Board "6.4"]
[WhiteElo "1258"]
[BlackElo "1451"]
[WhiteClock "00:54:41"]
[BlackClock "00:04:19"]
[WhiteTeam "SchachAkademiePaderborn"]
[BlackTeam "SV 1947 Walldorf"]
[PlyCount "147"]
[WhiteFideId "34609040"]
[BlackFideId "34629521"]
[EventCountry "GER"]
[EventRounds "7"]
[EventType "team-swiss"]
[EventDate "2022.12.26"]

1. d4 {[%clk 01:30:57]} {[%emt 00:00:02]} Nf6 {[%clk 01:30:53]} {[%emt
00:00:07]} 2. c4 {[%clk 01:31:19]} {[%emt 00:00:09]} c5 {[%clk 01:31:16]}
{[%emt 00:00:07]} 3. d5 {[%clk 01:31:40]} {[%emt 00:00:09]} b5 {[%clk
01:31:38]} {[%emt 00:00:08]} 4. cxb5 {[%clk 01:32:02]} {[%emt 00:00:09]} a6
{[%clk 01:32:03]} {[%emt 00:00:04]} 5. bxa6 {[%clk 01:32:14]} {[%emt 00:00:18]}
g6 {[%clk 01:32:22]} {[%emt 00:00:11]} 6. Nc3 {[%clk 01:31:47]} {[%emt
00:00:56]} Bg7 {[%clk 01:32:26]} {[%emt 00:00:26]} 7. e4 {[%clk 01:31:34]}
{[%emt 00:00:43]} O-O {[%clk 01:32:23]} {[%emt 00:00:33]} 8. Nf3 {[%clk
01:31:46]} {[%emt 00:00:19]} Bxa6 {[%clk 01:31:29]} {[%emt 00:01:23]} 9. Bxa6
{[%clk 01:31:59]} {[%emt 00:00:17]} Nxa6 {[%clk 01:31:42]} {[%emt 00:00:17]}
10. O-O {[%clk 01:32:11]} {[%emt 00:00:17]} d6 {[%clk 01:30:51]} {[%emt
00:01:21]} 11. Bg5 {[%clk 01:30:17]} {[%emt 00:02:24]} Qb6 {[%clk 01:25:33]}
{[%emt 00:05:48]} 12. Qc2 {[%clk 01:28:32]} {[%emt 00:02:14]} Rfb8 {[%clk
01:21:15]} {[%emt 00:04:49]} 13. b3 {[%clk 01:28:19]} {[%emt 00:00:43]} Nb4
{[%clk 01:18:56]} {[%emt 00:02:50]} 14. Qe2 {[%clk 01:27:55]} {[%emt 00:00:52]}
Nd7 {[%clk 01:13:34]} {[%emt 00:05:54]} 15. Na4 {[%clk 01:27:23]} {[%emt
00:01:01]} Rxa4 {[%clk 01:12:47]} {[%emt 00:01:17]} 16. bxa4 {[%clk 01:27:34]}
{[%emt 00:00:20]} Bxa1 {[%clk 01:13:10]} {[%emt 00:00:06]} 17. Rxa1 {[%clk
01:27:43]} {[%emt 00:00:21]} f6 {[%clk 01:09:52]} {[%emt 00:03:49]} 18. Bh6
{[%clk 01:27:02]} {[%emt 00:01:10]} Qa5 {[%clk 01:07:29]} {[%emt 00:02:52]} 19.
Qd1 {[%clk 01:24:10]} {[%emt 00:03:20]} Nb6 {[%clk 01:04:03]} {[%emt 00:04:00]}
20. Qd2 {[%clk 01:22:26]} {[%emt 00:02:11]} Qxa4 {[%clk 00:58:28]} {[%emt
00:06:06]} 21. h3 {[%clk 01:20:35]} {[%emt 00:02:20]} Rc8 {[%clk 00:55:53]}
{[%emt 00:03:08]} 22. Ne1 {[%clk 01:19:18]} {[%emt 00:01:44]} c4 {[%clk
00:54:34]} {[%emt 00:01:51]} 23. Qd4 {[%clk 01:18:29]} {[%emt 00:01:17]} Nd7
{[%clk 00:50:10]} {[%emt 00:04:54]} 24. a3 {[%clk 01:17:53]} {[%emt 00:01:07]}
Nc2 {[%clk 00:49:10]} {[%emt 00:01:30]} 25. Nxc2 {[%clk 01:18:09]} {[%emt
00:00:15]} Qxc2 {[%clk 00:49:33]} {[%emt 00:00:07]} 26. Qa7 {[%clk 01:18:09]}
{[%emt 00:00:29]} Qb2 {[%clk 00:34:32]} {[%emt 00:15:31]} 27. Rd1 {[%clk
01:17:48]} {[%emt 00:00:51]} Rd8 {[%clk 00:30:21]} {[%emt 00:04:42]} 28. Qc7
{[%clk 01:18:00]} {[%emt 00:00:18]} Qb8 {[%clk 00:30:39]} {[%emt 00:00:12]} 29.
Qxc4 {[%clk 01:17:31]} {[%emt 00:00:59]} Ne5 {[%clk 00:29:16]} {[%emt
00:01:53]} 30. Qc2 {[%clk 01:15:57]} {[%emt 00:02:01]} g5 {[%clk 00:28:56]}
{[%emt 00:00:53]} 31. Qe2 {[%clk 01:13:10]} {[%emt 00:03:16]} Nf7 {[%clk
00:27:18]} {[%emt 00:02:08]} 32. Qh5 {[%clk 01:13:05]} {[%emt 00:00:35]} Nxh6
{[%clk 00:26:37]} {[%emt 00:01:12]} 33. Qxh6 {[%clk 01:13:26]} {[%emt
00:00:09]} Qb3 {[%clk 00:26:23]} {[%emt 00:00:43]} 34. Rc1 {[%clk 01:12:47]}
{[%emt 00:01:09]} Qxa3 {[%clk 00:25:00]} {[%emt 00:01:54]} 35. Rc7 {[%clk
01:12:55]} {[%emt 00:00:22]} Qa1 {[%clk 00:25:21]} {[%emt 00:00:08]} 36. Kh2
{[%clk 01:13:01]} {[%emt 00:00:24]} Qe5 {[%clk 00:25:46]} {[%emt 00:00:06]} 37.
Kg1 {[%clk 01:11:45]} {[%emt 00:01:45]} Qxe4 {[%clk 00:25:36]} {[%emt
00:00:41]} 38. Kh2 {[%clk 01:10:49]} {[%emt 00:01:25]} Re8 {[%clk 00:24:32]}
{[%emt 00:01:35]} 39. Qh5 {[%clk 01:10:16]} {[%emt 00:01:02]} Qg6 {[%clk
00:23:56]} {[%emt 00:01:07]} 40. Qg4 {[%clk 01:08:48]} {[%emt 00:01:58]} f5
{[%clk 00:23:15]} {[%emt 00:01:11]} 41. Qe2 {[%clk 01:08:48]} {[%emt 00:00:29]}
e5 {[%clk 00:22:23]} {[%emt 00:01:23]} 42. Qb5 {[%clk 01:08:11]} {[%emt
00:01:06]} Rf8 {[%clk 00:18:37]} {[%emt 00:04:16]} 43. Qd7 {[%clk 01:07:18]}
{[%emt 00:01:23]} Rf7 {[%clk 00:17:36]} {[%emt 00:01:31]} 44. Rc8 {[%clk
01:06:17]} {[%emt 00:01:31]} Rf8 {[%clk 00:16:21]} {[%emt 00:01:45]} 45. Rc6
{[%clk 01:05:04]} {[%emt 00:01:43]} Rf6 {[%clk 00:11:41]} {[%emt 00:05:11]} 46.
Qd8 {[%clk 01:05:14]} {[%emt 00:00:19]} Kg7 {[%clk 00:11:15]} {[%emt 00:00:56]}
47. Qd7 {[%clk 01:03:43]} {[%emt 00:02:01]} Kh6 {[%clk 00:11:12]} {[%emt
00:00:33]} 48. Qe7 {[%clk 01:02:59]} {[%emt 00:01:14]} Qf7 {[%clk 00:08:20]}
{[%emt 00:03:21]} 49. Qxf7 {[%clk 01:02:57]} {[%emt 00:00:33]} Rxf7 {[%clk
00:08:47]} {[%emt 00:00:03]} 50. Rxd6 {[%clk 01:03:13]} {[%emt 00:00:14]} Kg7
{[%clk 00:09:14]} {[%emt 00:00:02]} 51. Kg3 {[%clk 01:03:09]} {[%emt 00:00:34]}
Rf6 {[%clk 00:07:34]} {[%emt 00:02:11]} 52. Rc6 {[%clk 01:03:05]} {[%emt
00:00:34]} Kf7 {[%clk 00:06:54]} {[%emt 00:01:11]} 53. Rc7 {[%clk 01:02:24]}
{[%emt 00:01:11]} Kg6 {[%clk 00:07:16]} {[%emt 00:00:08]} 54. h4 {[%clk
01:01:30]} {[%emt 00:01:23]} h5 {[%clk 00:06:12]} {[%emt 00:01:34]} 55. Rc8
{[%clk 01:01:14]} {[%emt 00:00:46]} f4 {[%clk 00:06:09]} {[%emt 00:00:33]} 56.
Kf3 {[%clk 01:00:38]} {[%emt 00:01:05]} gxh4 {[%clk 00:03:54]} {[%emt
00:02:45]} 57. Ke4 {[%clk 01:00:08]} {[%emt 00:00:59]} f3 {[%clk 00:04:03]}
{[%emt 00:00:23]} 58. Rg8 {[%clk 01:00:01]} {[%emt 00:00:37]} Kh6 {[%clk
00:03:05]} {[%emt 00:01:28]} 59. Kxe5 {[%clk 01:00:02]} {[%emt 00:00:28]} Rg6
{[%clk 00:03:23]} {[%emt 00:00:13]} 60. Rxg6 {[%clk 00:53:48]} {[%emt
00:06:44]} Kxg6 {[%clk 00:03:26]} {[%emt 00:00:27]} 61. d6 {[%clk 00:54:04]}
{[%emt 00:00:13]} fxg2 {[%clk 00:03:43]} {[%emt 00:00:14]} 62. d7 {[%clk
00:54:11]} {[%emt 00:00:23]} g1=Q {[%clk 00:03:46]} {[%emt 00:00:27]} 63. d8=Q
{[%clk 00:54:20]} {[%emt 00:00:21]} Qg5 {[%clk 00:03:58]} {[%emt 00:00:17]} 64.
Qxg5 {[%clk 00:54:19]} {[%emt 00:00:31]} Kxg5 {[%clk 00:04:22]} {[%emt
00:00:07]} 65. f4 {[%clk 00:54:38]} {[%emt 00:00:11]} Kg4 {[%clk 00:04:29]}
{[%emt 00:00:23]} 66. f5 {[%clk 00:54:52]} {[%emt 00:00:16]} h3 {[%clk
00:04:52]} {[%emt 00:00:06]} 67. f6 {[%clk 00:55:05]} {[%emt 00:00:17]} h2
{[%clk 00:05:15]} {[%emt 00:00:07]} 68. f7 {[%clk 00:55:27]} {[%emt 00:00:09]}
h1=Q {[%clk 00:05:39]} {[%emt 00:00:06]} 69. f8=Q {[%clk 00:55:43]} {[%emt
00:00:14]} Qa1 {[%clk 00:04:52]} {[%emt 00:01:16]} 70. Ke4 {[%clk 00:55:21]}
{[%emt 00:00:51]} Qe1 {[%clk 00:04:38]} {[%emt 00:00:46]} 71. Kd4 {[%clk
00:55:04]} {[%emt 00:00:47]} Qa1 {[%clk 00:03:56]} {[%emt 00:01:13]} 72. Ke4
{[%clk 00:55:18]} {[%emt 00:00:16]} Qa4 {[%clk 00:04:09]} {[%emt 00:00:18]} 73.
Ke3 {[%clk 00:54:41]} {[%emt 00:01:05]} Qa7 {[%clk 00:04:19]} {[%emt 00:00:20]}
74. Ke4 {[%emt 00:00:33]} 1/2-1/2